Manual técnico de contabilidade aplicada ao setor público : (Record no. 1215)

MARC details
000 -LÍDER
Campo Fixo de Controle 01321nam a2200325 a 4500
001 - NÚMERO DE CONTROLE
Campo de Controle 1215
003 - IDENTIFICAÇÃO DO NÚMERO DE CONTROLE
Campo de Controle BR-CuiBMT
005 - DATA E HORA DA ÚLTIMA ATUALIZAÇÃO
Campo de Controle 20231204232724.0
008 - DADOS FIXOS
Dados Fixos 231201s2008 dfba 000 0 por d
020 ## - INTERNATIONAL STANDARD BOOK NUMBER
Nº do ISBN 9788587841322 (v. 1)
020 ## - INTERNATIONAL STANDARD BOOK NUMBER
Nº do ISBN 9788587841315 (v. 2)
040 ## - AGÊNCIA CATALOGADORA
Código da Agência Catalogadora BR-CuiBMT
Agência que transcreveu o registro BR-CuiBMT
080 ## - Nº DA CLASSIFICAÇÃO DECIMAL UNIVERSAL
Nº Class. CDU 657:336.14
Subd. Auxiliar Comum (035)
Nº edição CDU 2007
090 ## - NÚMERO DE CHAMADA
Nº classificação 657:336.14(035)
Cutter M294
245 00 - TÍTULO PRINCIPAL
Título principal Manual técnico de contabilidade aplicada ao setor público :
Subtítulo aplicado à união, aos estados, ao Distrito Federal e aos municípios /
250 ## - EDIÇÃO
Edição 1. ed.
260 ## - PUBLICAÇÃO, DISTRIBUIÇÃO, ETC.
Local de publicação Brasília :
Editora secretaria do Tesouro Nacional,
Data 2008.
300 ## - DESCRIÇÃO FÍSICA
N. páginas ou volumes 2 v. :
Ilustrações il. ;
Dimensões 24 cm
500 ## - NOTAS GERAIS
Notas gerais "Válido para o exercício de 2009 (Portaria conjunta STN/STF n° 3, de 2008)".
504 ## - NOTA DE BIBLIOGRAFIA, ETC.
Nota de bibliografia Inclui bibliografia.
505 0# - NOTA DE CONTEÚDO
Nota de conteúdo v. 1. Manual da receita nacional -- v. 2. Manual de despesa nacional.
650 ## - ASSUNTO TÓPICO
Cabeçalho tópico ou nome geográfico Contabilidade pública
Subdivisão de forma Manuais, guias, etc.
Subdivisão geográfica Brasil
650 ## - ASSUNTO TÓPICO
Cabeçalho tópico ou nome geográfico Finanças públicas
Subdivisão geográfica Brasil
650 ## - ASSUNTO TÓPICO
Cabeçalho tópico ou nome geográfico Responsabilidade fiscal
Subdivisão geográfica Brasil
650 ## - ASSUNTO TÓPICO
Cabeçalho tópico ou nome geográfico Responsabilidade administrativa
650 ## - ASSUNTO TÓPICO
Cabeçalho tópico ou nome geográfico Execução orçamentária
710 1# - ENTRADA SECUNDÁRIA -- ENTIDADE
Nome da entidade ou lugar Brasil.
Unidade subordinada Secretaria do Tesouro Nacional.
710 1# - ENTRADA SECUNDÁRIA -- ENTIDADE
Nome da entidade ou lugar Brasil.
Unidade subordinada Secretaria de Planejamento da Presidência da República.
-- Secretaria de Orçamento e Finanças.
942 ## - ELEMENTOS DE ENTRADA ADICIONAIS (KOHA)
Fonte de classificação ou esquema de arquivamento Classificação Decimal Universal
Tipo de item do Koha Livros
Holdings
Estado: removido Estado: perdido Fonte de classificação ou esquema de arquivamento Estado: danificado Indisponível para empréstimo Localização permanente Localização atual Data de aquisição Numeração serial ou cronológica (Volume) Total Checkouts Número de Chamada completo Código de barras Date last seen Número do exemplar Preço efetivo a partir de Tipo de item (Koha)
    Classificação Decimal Universal     Biblioteca da Escola Superior de Contas do TCE/MT Biblioteca da Escola Superior de Contas do TCE/MT 17/09/2009 v. 1   657:336.14(035) M294 BIBTCEMT23120016 01/12/2023 Ex. 1 01/12/2023 Livros
    Classificação Decimal Universal     Biblioteca da Escola Superior de Contas do TCE/MT Biblioteca da Escola Superior de Contas do TCE/MT 17/09/2009 v. 2   657:336.14(035) M294 BIBTCEMT23120017 01/12/2023 Ex. 1 01/12/2023 Livros

Powered by Koha